Jóvenes, en riesgo: una expresión de malestar social /
Đã lưu trong:
| Tác giả chính: | |
|---|---|
| Định dạng: | Texto |
| Các nhãn: |
Thêm thẻ
Không có thẻ, Là người đầu tiên thẻ bản ghi này!
|
MARC
| LEADER | 00000 a a2200000 04500 | ||
|---|---|---|---|
| 001 | 41020 | ||
| 003 | |||
| 040 | |||
| 100 | |a Vul, Mónica | ||
| 245 | |a Jóvenes, en riesgo: |b una expresión de malestar social / |c Mónica Vul | ||
| 773 | |g número1 ( , 2009), páginas 291-366 | ||
| 999 | |c 34497 |d 34497 | ||
